Napínavé dobrodružstvá Toly, Poly a Emila : príbehy o ochrane prírody /
Uložené v:
| Hlavní autori: | , , , |
|---|---|
| Ďalší autori: | , |
| Médium: | Kniha |
| Jazyk: | Slovak |
| Vydané: |
Bratislava :
DAPHNE - Inštitút aplikovanej ekológie,
2019.
|
| Vydanie: | I. vydanie |
| Témy: | |
| ISBN: |
9788089133406 |
| Fyzický popis: |
84 strán : farebné ilustrácie ; 22 x 27 cm. |
| Tagy: |
Pridať tag
Žiadne tagy, Buďte prvý kto otaguje tento záznam!
|
Titul je dostupný aj v ... 

MARC
| LEADER | 00000nam a2200000 i 4500 | ||
|---|---|---|---|
| 001 | 000644607 | ||
| 005 | 20201020141517.0 | ||
| 008 | 200310s2019 xo a b 000 j slo d | ||
| 020 | |a 9788089133406 |q (brožované) | ||
| 040 | |a SVKKK |b slo |c SVKKK |e rda | ||
| 041 | 0 | |a slo | |
| 044 | |a xo |c SK | ||
| 072 | 7 | |a 502 |x Životné prostredie a jeho ochrana |2 konspekt | |
| 072 | 7 | |a 0/9-053.2 |x Literatúra pre deti a mládež (náučná) |2 konspekt | |
| 080 | |a 502.17 |2 2011 | ||
| 080 | |a 504 |2 2011 | ||
| 080 | |a (0.062) |2 2011 | ||
| 080 | |a (0:82-32) |2 2011 | ||
| 080 | |a (0.053.2) |2 2011 | ||
| 100 | 1 | |a Milowska, Monika |4 aut | |
| 245 | 1 | 0 | |a Napínavé dobrodružstvá Toly, Poly a Emila : |b príbehy o ochrane prírody / |c texty Monika Milowska, Kateřina Řeháková, Jana Menkynová, Romana Morávková ; ilustrácie Maria Shmeľová. |
| 250 | |a I. vydanie | ||
| 264 | 1 | |a Bratislava : |b DAPHNE - Inštitút aplikovanej ekológie, |c 2019. | |
| 300 | |a 84 strán : |b farebné ilustrácie ; |c 22 x 27 cm. | ||
| 336 | |a text |b txt |2 rdacontent | ||
| 336 | |a statický obraz |b sti |2 rdacontent | ||
| 337 | |a bez média |b n |2 rdamedia | ||
| 338 | |a zväzok |b nc |2 rdacarrier | ||
| 500 | |a Ilustrácie k sprievodným textom: Jan Augusta | ||
| 650 | 0 | 7 | |a ochrana životného prostredia |2 SVKKKPH |
| 650 | 0 | 7 | |a environmentálne problémy |2 SVKKKPH |
| 650 | 0 | 7 | |a environmental protection |2 SVKKKPHeng |
| 650 | 0 | 7 | |a environmental problems |2 SVKKKPHeng |
| 655 | 7 | |a populárno-náučné publikácie |2 SVKKKPH | |
| 655 | 7 | |a príbehy |2 SVKKKPH | |
| 655 | 7 | |a publikácie pre deti |2 SVKKKPH | |
| 655 | 7 | |a popular works |2 SVKKKPHeng | |
| 655 | 7 | |a stories |2 SVKKKPHeng | |
| 655 | 7 | |a children´s literature |2 SVKKKPHeng | |
| 700 | 1 | |a Řeháková, Kateřina |4 aut | |
| 700 | 1 | |a Menkynová, Jana, |d 1946- |4 aut | |
| 700 | 1 | |a Morávková, Romana |4 aut | |
| 700 | 1 | |a Shmeľova, Maria |4 ill | |
| 700 | 1 | |a Augusta, Jan |4 ill | |
| 910 | |a svkkk | ||
| 919 | |a 978-80-89133-40-6 | ||
| 998 | |a BK | ||
| 090 | |g SCKHL |k Sklad Hlavná 10 prízemie |a V.240287 |j 1105577 |i 2720745620 |s Povinný výt. | ||